| 000 | 00543nam a2200217Ia 4500 | ||
|---|---|---|---|
| 008 | 101110s9999 xx 000 0 und d | ||
| 041 | _aENGLISH | ||
| 082 | _bSR27433 | ||
| 100 | _aParsons David | ||
| 245 | _aOject oriented progamming with C++ | ||
| 260 |
_c2003 _bBPB Pub., New delhi |
||
| 300 | _a319 | ||
| 365 | _b150 | ||
| 520 | _aComputer | ||
| 546 | _aENGLISH | ||
| 630 | _aOject oriented progamming with C++ | ||
| 650 | _aComputer | ||
| 655 | _aComputer | ||
| 730 | _aOject oriented progamming with C++ | ||
| 942 | _cBOOK | ||
| 999 |
_c819989 _d819986 |
||